Religious Resources for Peace Work/ (Record no. 212417)
[ view plain ]
| 000 -LEADER | |
|---|---|
| fixed length control field | 00782nam a22002057a 4500 |
| 005 - DATE AND TIME OF LATEST TRANSACTION | |
| control field | 20250717155351.0 |
| 010 ## - LCCN (DPL NO) | |
| LC control number | ENG-146020 |
| 020 ## - INTERNATIONAL STANDARD BOOK NUMBER | |
| Terms of availability | 320.00 |
| International Standard Book Number | 9788192606262 |
| 035 ## - SYSTEM CONTROL NUMBER | |
| System control number | EN-129552 |
| 037 ## - SOURCE OF ACQUISITION | |
| Source of stock number/acquisition | DBAD |
| 082 ## - DEWEY DECIMAL CLASSIFICATION NUMBER | |
| Classification number | 201.7273 |
| 245 ## - TITLE STATEMENT | |
| Title | Religious Resources for Peace Work/ |
| Statement of responsibility, etc | Edited By Pangernungba Kechu; Melvil Pereira [and] Atungo Shitri |
| 260 ## - PUBLICATION, DISTRIBUTION, ETC. (IMPRINT) | |
| Place of publication, distribution, etc | Guwahati |
| Name of publisher, distributor, etc | North Eastern Social Research Centre |
| Date of publication, distribution, etc | 2024 |
| 270 ## - ADDRESS | |
| Address | North Eastern Social Research Centre Jagriti 2nd Floor, Arunodoi Path, GMCH Road, Christian Basti |
| City | Guwahati |
| Postal code | 781005 |
| 300 ## - PHYSICAL DESCRIPTION | |
| Extent | 150p. |
| Dimensions | 22cm(pb) |
| 700 ## - ADDED ENTRY--PERSONAL NAME | |
| Personal name | Kechu, Pangernungba |
| Relator term | Editor |
| 9 (RLIN) | 83065 |
| 700 ## - ADDED ENTRY--PERSONAL NAME | |
| Personal name | Pereira, Melvil |
| Relator term | Editor |
| 9 (RLIN) | 83066 |
| 700 ## - ADDED ENTRY--PERSONAL NAME | |
| Personal name | Shitri, Atungo |
| Relator term | Editor |
| 9 (RLIN) | 83067 |
| 942 ## - ADDED ENTRY ELEMENTS (KOHA) | |
| Source of classification or shelving scheme | Dewey Decimal Classification |
| Item type | English Books |
| Call number suffix | REL |
| Classification part | 201.7273 |
| Withdrawn status | Lost status | Not for loan | Collection code | Home library | Current library | Date acquired | Source of acquisition | Cost, normal purchase price | Full call number | Barcode | Copy number | Cost, replacement price | Koha item type |
|---|---|---|---|---|---|---|---|---|---|---|---|---|---|
| Not For Loan | Non-fiction | D.B.Act.Division | D.B.Act.Division | 17/07/2025 | Delivery of Books Act Division | 320.00 | REL 201.7273 | EN-129552 | 1 | 320.00 | English Books |
